Los cambios demográficos en las tendencias demográfias/
Tallennettuna:
| Päätekijä: | |
|---|---|
| Muut tekijät: | |
| Aineistotyyppi: | Tuntematon |
| Julkaistu: |
San José:
Academia de Centroamerica
|
| Aiheet: | |
| Tagit: |
Lisää tagi
Ei tageja, Lisää ensimmäinen tagi!
|
MARC
| LEADER | 00000 a2200000 04500 | ||
|---|---|---|---|
| 001 | 31312 | ||
| 003 | cru CIDCACS/IIS | ||
| 005 | 20180130154212.0 | ||
| 008 | 991231s d | ||
| 999 | |c 9009 |d 9009 | ||
| 020 | |a 9977210470 | ||
| 040 | |c cru CIDCACS/IIS | ||
| 090 | |a 14.01.01 L9864e | ||
| 100 | 1 | |a Mejía, Iván |9 6528 | |
| 245 | |a Los cambios demográficos en las tendencias demográfias/ |c Iván Mejía | ||
| 260 | |a San José: |b Academia de Centroamerica | ||
| 300 | |a páginas 89-109 | ||
| 650 | 1 | 0 | |a COMPOSICION DE LA POBLACION |9 3848 |
| 650 | 1 | 0 | |a COMPOSICION DE LA POBLACION |9 3848 |
| 650 | |a OCUPACIONES | ||
| 650 | 4 | |a PRODUCTO INTERNO BRUTO |9 1841 | |
| 650 | 1 | 0 | |a TASA DE AHORRO |9 1775 |
| 650 | 1 | 0 | |a POLÍTICA DE INVERSIONES |9 3665 |
| 700 | |a | ||
| 700 | |a Herrera, Reinaldo | ||
| 942 | |2 ddc |c LI | ||
| 773 | 0 | |0 1574 |9 1769 |a López, Grettel |d San José: Academia de Centroamerica |o 00951 |t Evolución demográfica de Costa Rica y su impacto en los sistemas de salud y pensiones / |w (cru CIDCACS/IIS)31316 |x 9977210470 |z 9977-21-047-0 | |



